LEADER 01000nam a2200253 i 4500 001 000000147091 003 CaOOAMICUS 005 20060124000000.0 008 060124s1994 it u000 u ita u 013 $a124078 020 $a88-18-30036-9 040 $aSeMil$bita 100 1 $aCremona, Carlo.$0(OLS)http://semarc/name/22368 245 10$aVita di Cristo /$cCarlo Cremona ; Prefazione di Edilio Rusconi. 260 $aMilano :$bRusconi,$cCopyr. 1994. 300 $a441 p. ;$c22 cm. 650 4$aGesù Cristo - Vita.$0(OLS)http://semarc/subject/415 700 1 $aRusconi, Edilio <1916-1996>.$0(OLS)http://semarc/name/20049 850 $aSeMil 852 $aSeMil$W1$xVenegono$y1$m2W II 30$j99682$B99682$CSeMilBibl$Z2$F108352 $81 961 $aRecupero: Biblioteca Seminario Seveso (dal 1998) 996 $6020$a88-18-30036-9$9(OLS)http://semarc/number/135751 996 $6245$aVita di Cristo$9(OLS)http://semarc/title/69705 996 $6260$aMilano :$bRusconi$9(OLS)http://semarc/publisher/30258 LEADER 01381nam a2200265 4500 001 000000333091 003 CaOOAMICUS 005 20190325155831.0 008 190325s1725 fr 000 u fre r 026 $alals s,es dee- Acpo (3) 1725 (R) 040 $aSeMil$bita 240 13$aLa question de droit.$0(OLS)http://semarc/title/422279 245 00$a2: La question de droit. 264 1$aA Paris :$bChez Antoine-Urbain Coustelier, imprimeur & libraire, Quai des Augustins,$c1725. 300 $a270, 85, [5] p. ;$c12° 500 $aSegn.: A-2G8/4 500 $aFregio xilogr. sui front. 700 11$aHardouin, Jean,$c.$0(OLS)http://semarc/name/14207 752 $aFR$dParigi 773 0 $aHardouin, Jean $tDissertation du P. Le Courayer, sur la succession des evesques anglois, et sur la validite de leurs ordinations, refutée par le pere Hardouin, de la Compagnie de Jesus.$dA Paris : Chez Antoine-Urbain Coustelier, imprimeur & libraire, Quai des Augustins, 1724-1725.$w()333089 850 $aSeMil 852 $aSeMil$W1$xVenegono$y1$m3X I 125 FA$j211788$B225261$CSeMilBibl$Z2$F225261 $8I 996 $6245$a2: La question de droit$9(OLS)http://semarc/title/422280 996 $6264$aA Paris :$bChez Antoine-Urbain Coustelier, imprimeur & libraire, Quai des Augustins$9(OLS)http://semarc/publisher/58193